Advanced spectroscopic methods to study biomolecular structure and dynamics /

Bibliographic Details
Corporate Author: ScienceDirect (Online service)
Other Authors: Saudagar, Prakash, Tripathi, Timir
Format: eBook
Language:English
Published: [S.l.] : Academic Press, 2022.
Subjects:
Online Access:Connect to the full text of this electronic book

MARC

Tag First Indicator Second Indicator Subfields
LEADER 00000cam a2200000 a 4500
001 in00005770813
005 20260327173522.5
006 m o d
007 cr un|---aucuu
008 221005s2022 xx o 000 0 eng d
040 |a YDX  |b eng  |c YDX  |d OPELS  |d N$T  |d OCLCF  |d UKAHL  |d UKMGB  |d ORE  |d OCLCO  |d SXB  |d OCLCQ  |d OCLCO  |d UKKRT  |d OCLCQ  |d OCLCL 
015 |a GBC2E1632  |2 bnb 
016 7 |a 020710517  |2 Uk 
020 |a 9780323993661  |q (electronic bk.) 
020 |a 0323993664  |q (electronic bk.) 
020 |z 9780323991278 
020 |z 0323991270 
035 |a (OCoLC)1346535860 
037 |a 9780323993661  |b Ingram Content Group 
050 4 |a QC454.M6 
082 0 4 |a 543.54  |2 23 
049 |a TXAM 
245 0 0 |a Advanced spectroscopic methods to study biomolecular structure and dynamics /  |c edited by Prakash Saudagar, Timir Tripathi. 
260 |a [S.l.] :  |b Academic Press,  |c 2022. 
300 |a 1 online resource 
336 |a text  |b txt  |2 rdacontent 
337 |a computer  |b c  |2 rdamedia 
338 |a online resource  |b cr  |2 rdacarrier 
588 0 |a Print version record. 
650 0 |a Molecular spectroscopy. 
650 0 |a Molecular structure  |x Analysis. 
650 6 |a Spectroscopie moléculaire. 
650 6 |a Structure moléculaire  |x Analyse. 
650 7 |a Molecular spectroscopy  |2 fast 
650 7 |a Molecular structure  |x Analysis  |2 fast 
655 7 |a Electronic books.  |2 local 
700 1 |a Saudagar, Prakash. 
700 1 |a Tripathi, Timir.  |1 https://id.oclc.org/worldcat/entity/E39PCjCVHfGKk4FrdftfydrdKm 
710 2 |a ScienceDirect (Online service) 
776 0 8 |i Print version:  |z 0323991270  |z 9780323991278  |w (OCoLC)1303078590 
776 0 8 |i Print version:  |t Advanced spectroscopic methods to study biomolecular structure and dynamics  |z 9780323991278  |w (OCoLC)1346308887 
856 4 0 |u http://proxy.library.tamu.edu/login?url=https://www.sciencedirect.com/science/book/9780323991278  |z Connect to the full text of this electronic book  |t 0 
955 |a Elsevier ScienceDirect 2026-2027 
994 |a 92  |b TXA 
999 f f |i f08701c7-25b1-48f2-9182-c96ff5cfd45c  |s 8617f326-fd3a-495f-9763-c5de29f57d76  |t 0 
952 f f |a Texas A&M University  |b College Station  |c Electronic Resources  |s www_evans  |d Available Online  |t 0  |e QC454.M6   |h Library of Congress classification 
998 f f |a QC454.M6   |t 0  |l Available Online